00294 a2200085 4500100002200000245007200022300004500094650001400139773005500153 aBONNEY, Emmanuel  aWe'll partner stakeholders to facilitate good governance - Speaker  aFriday, September 15, 2023 Pages 16 & 17 aPolitics 0 dAccra Daily Graphic 2023x0855-1529tDaily Graphic